| 000 | 01534nam0a22003371 4500 | ||
|---|---|---|---|
| 001 | RU\NLR\A1SV\54365 | ||
| 005 | 20251203171251.9 | ||
| 035 | _a(NLR Aleph) 009736328 | ||
| 090 |
_a9927515 _c9927515 |
||
| 100 | _a20051220d1926 u y0rusy50 ca | ||
| 101 | 1 |
_arus _cger |
|
| 102 | _aRU | ||
| 200 | 1 |
_aЭлектрические установки сильного тока _eМашины. Приборы. Схемы соединений. Эксплуатация _eКрат. пособие для инженеров, техников и учащихся _fКозак _gПер. с 6-го нем. изд. инж.-эл. И.Мандельштама |
|
| 210 |
_aЛ. _cИзд. Сев.-зап. обл. промбюро ВСНХ _d[1926] |
||
| 215 |
_aXIV, [2], 380 с., [4] с. объявл. _d23 см |
||
| 300 | _aНа тит. л. и обл. дата: 1927. Датировано по штампу поступления в РНБ | ||
| 300 | _aЗагл. ориг.: Elektrische Starkstromanlagen (Berlin, 1912) | ||
| 620 | _dСанкт-Петербург | ||
| 700 | 1 |
_7ca _8rus _aКозак _bЭ. _f1875-1953 _gЭмиль _92642160 _3RU\NLR\AUTH\770272284 |
|
| 702 | 1 |
_7ca _8rus _aМандельштам _bИ. Б. _f1885-1954 _gИсай Бенедиктович _9133045 _3RU\NLR\AUTH\770133079 |
|
| 801 | 0 |
_aRU _bNLR _c20051220 |
|
| 852 |
_aNLR _j27/786 |
||
| 852 |
_aNLR _j121/887 |
||
| 899 | _aБАН | ||
| 899 | _aРГБ | ||
| 899 | _aНГОУНБ | ||
| 899 | _aКирОУНБ | ||
| 942 | _cBOOK | ||
| 980 | _aNB | ||
| 980 | _aA1SV | ||